• 首页
  • 本馆介绍
  • 公告通知
  • 最新文献
  • 馆藏检索
  • 电子资源
  • 读者导购
  • 参考咨询
  • 我的图书馆
  • 登录
  • 详细信息显示
  • 放入我的书架
  • 预约/预借图书
  • 作者相关作品
  • 分类相关作品
  • 丛书相关作品
  • 出版社相关作品

书目信息

  • 表格格式
  • 工作单格式
  • 卡片格式
题名:
信息学奥林匹克竞赛辅导之Pascal语言基础
    
 
作者: 白净 , 程洁 主编
分册:  
出版信息: 长春   东北师范大学出版社  2017.04
页数: 112页
开本: 24cm
丛书名: 名师名校名校长书系
单 册:
中图分类: TP312PA , TP312.8
科图分类:
主题词: PASCAL语言--程序设计
电子资源:
ISBN: 978-7-5681-2981-7
000 00947oam2 2200265 450
001 5526
005 20181016104905.22
010    @a978-7-5681-2981-7@dCNY36.00
100    @a20170802d2017 em y0chiy50 ea
101 0  @achi
102    @aCN@b220000
105    @aa z 000yy
200 1  @a信息学奥林匹克竞赛辅导之Pascal语言基础@9xin xi xue ao lin pi ke jing sai fu dao zhi Pascal yu yan ji chu@f白净,程洁主编
210    @a长春@c东北师范大学出版社@d2017.04
215    @a112页@c图@d24cm
225 1  @a名师名校名校长书系
330    @a本书共分6章,内容包括:Turbo Pascal简介、Pascal语言程序基础、Pascal顺序结构程序设计、Pascal选择结构程序设计、Pascal循环结构程序设计、函数和过程。
461  0 @12001 @a名师名校名校长书系
606 0  @aPASCAL语言@x程序设计
690    @aTP312PA@v5
690    @aTP312.8@v4
701  0 @a白净@9bai jing@4主编
701  0 @a程洁@9cheng jie@4主编
801  0 @aCN@b91MARC@c20170802
905    @aMuseLib@dTP312.8@e1399
    
    信息学奥林匹克竞赛辅导之Pascal语言基础/白净,程洁主编.-长春:东北师范大学出版社,2017.04
    112页:图;24cm.-(名师名校名校长书系)
    
    
    ISBN 978-7-5681-2981-7:CNY36.00
    本书共分6章,内容包括:Turbo Pascal简介、Pascal语言程序基础、Pascal顺序结构程序设计、Pascal选择结构程序设计、Pascal循环结构程序设计、函数和过程。
●
相关链接 在E读中查询图书 在五车中查询图书 在当当中查询图书 在豆瓣中查询图书


正题名:信息学奥林匹克竞赛辅导之Pascal语言基础     索取号:TP312.8/1399         预约/预借

序号 登录号 条形码 馆藏地/架位号 状态 备注
1 1130140   211301401   第二样本阅览室/ [索取号:TP312.8/1399] 在馆    
2 1130141   211301410   第三借阅区/ [索取号:TP312.8/1399] 在馆    
3 1130142   211301429   第三借阅区/ [索取号:TP312.8/1399] 在馆    
4 1130143   211301438   第三借阅区/ [索取号:TP312.8/1399] 在馆    
5 1130144   211301447   第三借阅区/ [索取号:TP312.8/1399] 在馆    
唐山师范学院图书馆 欢迎您!
大连网信软件有限公司© 版权所有